All Glee Characters - Statistics

General Stats
  • This quiz has been taken 4,652 times
    4,588 since last reset
  • The average score is 32 of 54
Answer Stats
Answer % Correct
Rachel Berry
99%
Finn Hudson
98%
Santana Lopez
97%
Will Shuester
96%
Sue Sylvester
95%
Kurt Hummel
94%
Noah 'Puck' Puckerman
94%
Quinn Fabray
93%
Tina Cohen-Chang
93%
Artie Abrams
92%
Blaine Anderson
92%
Brittany Pierce
91%
Emma Pillsbury
91%
Mike Chang
91%
Mercedes Jones
87%
Sam Evans
86%
Marley Rose
82%
Burt Hummel
80%
Kitty Wilde
78%
Jake Puckerman
77%
Terri Shuester
76%
Ryder Lynn
70%
Wade 'Unique' Adams
70%
Sugar Motta
64%
Jesse St. James
63%
Becky Jackson
60%
Pricipal Figgins
60%
Shannon/Sheldon Beiste
57%
Rory Flanagan
54%
Shelby Corcoran
54%
Holly Holiday
52%
Sebastian Smythe
52%
Lauren Zizes
49%
Ken Tanaka
48%
Matt Rutherford
48%
Joe Hart
44%
April Rhodes
41%
Carole Hudson
35%
Jane Hayward
33%
Cassandra July
31%
Mason McCarthy
31%
Carl Howell
29%
Spencer Porter
28%
Madison McCarthy
27%
Roderick Meeks
27%
David Karofsky
25%
Sunshine Corazon
24%
Roz Washington
21%
Sandy Ryerson
20%
Jacob Ben Israel
18%
Jean Sylvester
17%
Elliott 'Starchild' Gilbert
14%
Azimio
8%
Isabelle Wright
4%
No matching quizzes found
Score Distribution
Percent of People with Each Score
Percentile by Number Answered
Your Score History
You have not taken this quiz since the last reset